000 00649nam a2200241Ia 4500
003 OSt
005 20221007101357.0
006 a|||||r|||| 00| 0
007 ta
008 221006b |||||||| |||| 00| 0 eng d
024 _a6,351
037 _cTextual
040 _aLCO
_cLCO
_beng
041 _2eng
_aeng
082 _aZ3,5149p3,N68, K8
100 _aH M S O
_9702719
245 0 _aReport of Committee on Homosexual offences & Prostitution.
260 _aLondon
_bH. M. S.O.
_c1968
300 _a155
650 _aCOMMITTEE
_9702715
942 _hZ3,5149p3,N68, K8
_cTEXL
999 _c1175914
_d1175914